Dynamické balíčky v praxi cestovného ruchu diplomová práca

Uložené v:
Podrobná bibliografia
Hlavný autor: Dzurko, Viliam
Korporativný autor: Obchodná fakulta EU. Katedra služieb a cestovného ruchu - zrušené
Ďalší autori: Novacká, Ľudmila, 1953-
Médium: Kniha
Jazyk:Slovak
Vydavateľské údaje: Bratislava 2018
Tagy: Pridať tag
Žiadne tagy, Buďte prvý, kto otaguje tento záznam!

MARC

LEADER 00000nbm a2200000 4500
001 0247325
005 20180904142556.6
041 0 |a slo 
044 |a SK 
245 1 0 |a Dynamické balíčky v praxi cestovného ruchu  |b diplomová práca  |c Viliam Dzurko ; školiteľ: Ľudmila Novacká 
264 1 |a Bratislava  |c 2018 
300 |a 75 s. 
100 1 |a Dzurko, Viliam 
700 1 |a Novacká, Ľudmila, 1953- 
710 2 |a Obchodná fakulta EU. Katedra služieb a cestovného ruchu - zrušené